| 000 | 00481nam a2200169Ia 4500 | ||
|---|---|---|---|
| 005 | 20250508160151.0 | ||
| 008 | 008 250505s9999 xx 000 0 eng d | ||
| 037 | _aTextual | ||
| 040 |
_aFEDL _beng _cFEDL |
||
| 041 |
_aeng _2eng |
||
| 084 |
_a313.37, BON _qFEDL |
||
| 100 |
_aBonner H.R. _9768022 |
||
| 245 | 0 | _aStatistics of universities colleges, and professinal school 1917-18 | |
| 300 | _a223p. | ||
| 942 |
_cTEXL _h313.37, BON |
||
| 999 |
_c1362365 _d1362365 |
||